000 00226nam a22000857a 4500
008 170620b xxu||||| |||| 00| 0 eng d
100 _93575
_aPremi. K. M
245 _aPopulation of India in 2001
260 _aNew delhi
_bN. B. T
_c2006
999 _c6961
_d6961